000 02720nam0a2200409 4500
001 RU\NLR\BIBL_A\022695344
005 20260312145143.0
010 _a978-5-86002-431-1
021 _aRU
_bКН-П-25-068418
_9КН-П-25-6626
035 _a(NLR Aleph) 022695344
090 _a13635580
_c13635580
100 _a20251224d2025 k y0rusy50 ca
101 0 _arus
102 _aRU
105 _ay z 000yy
181 0 _ai4
_baxxe
182 0 _an
200 1 _aКритерии диагностики атипичной депрессии
_eаналитический обзор
_eдля врачей-психиатров, психотерапевтов, медицинских психологов т других специалистов, участвующих в оказании психиатрической помощи
_fА. С. Аведисова - д-р мед. наук, профессор, М. П. Марачев - канд. мед. наук, К. В. Захарова - канд. мед. наук, Г. К. Дашкина
_gМинистерство здравоохранения Российской Федерации, Национальный медицинский исследовательский центр психиатрии и наркологии имени В. П. Сербского
203 _aТекст
_bвизуальный
_cнепосредственный
205 _a2-е изд.
210 _aМосква
_cНациональный медицинский исследовательский центр психиатрии и наркологии имени В. П. Сербского
_d2025
215 _a27 с.
_d21
225 1 _aПсихиатрия
_v4
300 _aАвт. указаны на обороте тит. с. и обл.
320 _aБиблиогр.: с. 17-27
606 1 _aДепрессия (психиатр.)
_xДиагностика
_9984096
_3RU\NLR\AUTH\66370875
686 1 _aР64-323.13-4
701 1 _aАведисова
_bА. С.
_gАлла Сергеевна
701 1 _aМарачев
_bМ. П.
_gМаксим Павлович
701 1 _aЗахарова
_bК. В.
_cканд. мед. наук, психиатрия
_gКсения Валерьевна
_92693538
_3RU\NLR\AUTH\770288887
701 1 _aДашкина
_bГ. К.
_gГузель Камиловна
712 0 2 _4475
_aНациональный медицинский исследовательский центр психиатрии и наркологии им. В. П. Сербского
_cМосква
_9580352
_3RU\NLR\AUTH\880458683
942 _cBOOK
980 _aNB